000 00445nam a2200181Ia 4500
003 GCL
005 20240530100759.0
008 140319s9999 xx 000 0 eng d
040 _aGCL /
_cGCL
082 0 4 _a752
_bL E
100 1 _aLELAND, NITA
245 1 0 _aEXPLORING COLOR /
_cLELAND, NITA
260 _a[S.N] :
_bNORTH LIGHT PUBLISHERS ،
_c1990
300 _a192\P
650 0 4 _aPAINTING
650 0 4 _aCOLOUR IN ARTS
942 _2ddc
_cBK
999 _c20844
_d20844